000
00296nam a22001217a 4500
040
_c
HS
082
_a
630
100
_a
វុន វ៉ារី
245
_a
ផ្សព្វផ្សាយកសិកម្ម
260
_a
RUA
_b
វុន វ៉ារី
_c
NA
300
_a
14p;
942
_c
KB
999
_c
9303
_d
9303